000 00344nam a22001217a 4500
008 181129b xxu||||| |||| 00| 0 eng d
041 _aeng
080 _a043.3
100 _a0
101 _aMTH-SHKI
245 _aEstimation of Analog Filter Design Tool "Filter-Lab" for integration in ONLINE-CADCOM Environment
_cMenxhiqi, L
942 _2udc
_cBK
999 _c52622
_d52622